أطواق الذهب في المواعظ والخطب للزمخشري / (رقم التسجيلة. 4402)

تفاصيل مارك
000 -الفاتح
عناصر البيانات ثابتة الطول 00860cam a2200181 i 4500
005 - تاريخ ووقت آخر معاملة
حقل ضبط 20251222122339.0
008 - عناصر البيانات ثابتة الطول
عناصر البيانات ثابتة الطول 250721s1994 ua gr 000 0 ara d
082 14 - رقم تصنيف ديوي العشري
رقم التصنيف 218,51
رقم المادة ز م خ
100 1# - مدخل رئيسي – اسم شخصي
الاسم الشخصي الزمخشري، جار الله أبو القاسم محمود بن عمر،
تواريخ خاصة بالشخص 467- 538ه،
علاقة الشخص بالعمل/ دوره مؤلف.
245 10 - بيان العنوان
العنوان أطواق الذهب في المواعظ والخطب للزمخشري /
بيان المسؤولية جاد الله محمود بن عمر بن محمد الخوارزمي ؛ دراسة وتحقيق أحمد عبد التواب عوض.
264 31 - بيانات النشر، التوزيع…إلخ
مكان النشر، التوزيع...إلخ القاهرة :
اسم الناشر، الموزع...إلخ دارا لفضيلة للنشر والتوزيع والتصدير،
تاريخ النشر، التوزيع...إلخ 1994.
300 ## - الوصف المادي
عدد الوحدات المكونة للوعاء 202 صفحة.
650 17 - مدخل إضافي بالموضوع - مصطلح موضوعي
مصطلح موضوعي أو اسم جغرافي كعنصر مدخل الوعظ والإرشاد.
650 17 - مدخل إضافي بالموضوع - مصطلح موضوعي
مصطلح موضوعي أو اسم جغرافي كعنصر مدخل المواعظ.
700 1# - مدخل إضافي - اسم شخصي
الاسم الشخصي عوض، أحمد عبد التواب
علاقة الشخص بالعمل/ دوره محقق.
942 ## - بيانات إضافية (كوها)
نوع التنصيف Dewey Decimal Classification
نوع المادة (كوها) كتب
المقتنيات
حالة السحب حالة الفقدان مصدر التصنيف حالة التلف غير قابل للإعارة المكتبة الرئيسية المكتبة الحالية موقع الرف تاريخ التزويد الرقم المتسلسل Total Checkouts رقم الإستدعاء تاريخ آخر ظهور تاريخ الفاتورة نوع المادة (كوها) الباركود العملة
    Dewey Decimal Classification Unchecked   المكتبة المركزية المكتبة المركزية الإعارة 06/07/2004 206979   218,51/زمخ 28/07/2025 06/07/2004 كتب    
    Dewey Decimal Classification     المكتبة المركزية المكتبة المركزية   22/12/2025 321441   218,51 ز م خ 22/12/2025 22/12/2025 كتب PLD321441 JOD
    Dewey Decimal Classification     مكتبة الأميرة ايمان العامة مكتبة الأميرة ايمان العامة الإعارة 21/09/2013 [5808]   218,51/زمخ 28/07/2025 21/09/2013 كتب PLD00278899  
Implemented & Customized by: BBB with SCIT (Smart Chains for Information Technology)

Powered by Koha